Anime avec une description foireuse - Statistiques

Statistiques générales
  • Ce quiz a été pris 1 300 fois
  • Le résultat moyen est 16 sur 46
Statistiques - réponses
Hint Réponse % Correct
C'est l'histoire d'un mec avec un cache œil qui boit du café Tokyo ghoul
85%
C'est l'histoire d'un mec qui doit mourir avant mars Assassination Classroom
80%
C'est un chewing-gum qui navigue One Piece
75%
C'est un cannibale qui mange des doigts Jujutsu Kaisen
71%
C'est un monde où ils utilisent des livres pour avoir des pouvoirs magiques Black Clover
70%
C'est le superman du japon One punch man
69%
C'est un mec qui écrit et un autre qui mange un truc rouge Death Note
64%
C'est un mec qui passe son temps à courir après son âme sœur Naruto
64%
C'est l'histoire du mec qui porte une meuf sur son dos Demon Slayer
63%
C'est des mecs, qui n'ont pas assez de deux boules Dragon Ball
58%
C'est une école où les enfants se tape dessus My Hero Academia
58%
C'est de l'eau et ça nettoie Bleach
55%
C'est une meuf qui écrit une histoire, et elle part à l'aventure avec ses amis Fairy Tail
55%
C'est l'histoire de deux gosses, un ado, un pervers et un pédophile Hunter x Hunter
55%
C'est des gosses qui se battent, (où sont les parents ?) Tokyo Revengers
54%
C'est un mec qui veut tuer son père (pour changer) mais les exorcistes veulent pas de lui Blue exorcist
51%
C'est un pervers qui passe sont temps a peloter une princesse Seven Deadly Sins
49%
Un mec qui veut sauver son crush (fille) mais il fait que crever Re:zero
44%
C'est des enfants qui vont dans un trou Made in Abyss
41%
C'est des oiseaux qui joue au ballon contre des chats Haikyuu
40%
C'est des élèves classé par leur école et ils ont peu d'argent pour survivre Classroom of the elite
38%
C'est un mec qui a du mal a entendre les touches qu'il tape Your Lie in April
35%
C'est des gens qui bouffent des âmes Soul Eater
33%
Y a des abdos partout et des beaux gosses, en plus ils sont tout mouillé Free
32%
Dans une classe y a des gens qui meurent Another
27%
C'est une sorte d'inceste... mais ils sont un peu intelligents No Game No Life
27%
Un mec shitter va vivre avec sa waifu, du moins il essaye Sword Art Online
27%
C'est une cohabitation dans un même corps Parasyte
26%
C'est un ours en peluche qui juge des gens Danganronpa
25%
C'est l'histoire d'un fantôme qui joue avec un ballon Kuroko no Basket
24%
Un harem et un mec pervers, et y a une histoire de démon en second plan Highschool DxD
18%
C'est les mille et une nuits version japonais Magi
17%
C'est des gens qui s'amusent avec une banane Steins Gate
17%
Un mec veut buter son père pour protéger sa petite sœur Code geass
16%
C'est des mecs qui utilisent des balles Pokemon
13%
C'est une histoire de cannibalisme Attack on Titan
12%
C'est un enfant qui est considéré comme un chien Black Butler
12%
Alors en fait c'est l'histoire où ils sont tous inutiles Konosuba
12%
C'est un mec coincé dans le corps d'une gamine nazi Youjo Senki
10%
C'est l'histoire d'un onigiri qui rencontre des animaux Fruits Basket
7%
C'est l'histoire d'une meuf amnésique Amnesia
6%
Une meuf qui tombe amoureuse d'un mec semi-loup Inuyasha
5%
C'est des génies au sens littéral du terme qui se cache dans des hommes Ajin
3%
Des filles qui veulent sauver leur école Love Live
3%
C'est l'histoire d'un gosse qui se fait juger et du coup il est aspiré dans un trou noir, et un lapin (qui est en fait une meuf) vient l'aider Pandora Hearts
3%
Des filles qui veulent sauvé leur galaxy ? Avec de la joie et de la bonne humeur AKB0048
0%
Aucun quiz correspondant
Distribution des résultats
% des personnes avec chaque résultat
Percentile par nombre de réponses
Votre historique - résultats
Vous n’avez pas pris ce quiz